Statistiques concernant Devinez le Département Mystère #65

Cliquez ici pour prendre le quiz!

Statistiques générales

  • Ce quiz a été pris 118 fois
  • Le résultat moyen est 26 sur 33

Statistiques - réponses

Type de RéponseRéponse% Correct
Lettre TrouvéeE
100%
Lettre TrouvéeR
100%
Lettre de l'AlphabetS
99%
Lettre TrouvéeA
98%
Lettre de l'AlphabetN
98%
Lettre TrouvéeI
97%
Lettre de l'AlphabetO
97%
Lettre de l'AlphabetT
96%
Lettre de l'AlphabetU
95%
Lettre de l'AlphabetD
94%
Lettre de l'AlphabetH
94%
Lettre de l'AlphabetL
92%
Lettre de l'AlphabetM
90%
Lettre de l'AlphabetC
89%
Lettre de l'AlphabetV
83%
Lettre de l'AlphabetB
79%
Lettre Bien PlacéeE
79%
Lettre TrouvéeG
78%
Lettre de l'AlphabetP
75%
Lettre de l'AlphabetY
73%
Lettre de l'AlphabetF
72%
Lettre de l'AlphabetQ
66%
Lettre de l'AlphabetJ
61%
Lettre Bien PlacéeR
61%
Lettre de l'AlphabetZ
60%
Lettre Bien PlacéeÈ
58%
Lettre Bien PlacéeI
58%
Lettre de l'AlphabetX
57%
Lettre Bien PlacéeA
56%
Département MystèreAriège
54%
Lettre Bien PlacéeG
54%
Lettre de l'AlphabetK
54%
Lettre de l'AlphabetW
54%

Distribution des résultats

Percentile par nombre de réponses

% des personnes avec chaque résultat

Votre développement - résultats

Vous n’avez pas pris ce quiz